| 000 | 00854cam a2200241 a 4500 | ||
|---|---|---|---|
| 001 | 000015865 | ||
| 005 | 20200929164200.0 | ||
| 008 | 820525s1972 sp af 000 0 spa d | ||
| 040 |
_aDO-SdBNP _bspa _cDLC _dBNPHU |
||
| 082 |
_a095.46 _bL864e |
||
| 100 | 1 |
_aLópez Serrano, Matilde. _935720 |
|
| 245 | 1 | 3 |
_aLa encuadernación española / _cMatilde López Serrano. |
| 260 |
_aMadrid, España : _bAsociación Nacional de Bibliotecarios, Archiveros y Arqueóloges, _c1972. |
||
| 300 |
_a146 p. ; _c18 cm. |
||
| 490 | 1 |
_aBiblioteca profesional de Anaba _v3 |
|
| 490 | 1 | _aCuadernos | |
| 650 | 4 |
_aEncuadernación _zEspaña _xHistoria _935721 |
|
| 650 | 4 |
_aEncuadernación heraldicas _935722 |
|
| 650 | 4 |
_aEncuadernación _935723 |
|
| 830 | 0 |
_aBiblioteca profesional de Anaba ; _pcuadernos _v3 _935724 |
|
| 910 | _aCatalogación por copia / LC | ||
| 049 | _aBNGR | ||
| 999 |
_c15407 _d15407 |
||